<?xml version="1.0" encoding="UTF-8"?>
<marc:record xmlns:marc="http://www.loc.gov/MARC21/slim">
   <marc:leader>00000nam a2200000 a 4500</marc:leader>
   <marc:datafield ind1="1" ind2=" " tag="100">
      <marc:subfield code="a">Kinddinx</marc:subfield>
      <marc:subfield code="4">aut</marc:subfield>
      <marc:subfield code="e">Verfasser/-in</marc:subfield>
   </marc:datafield>
   <marc:datafield ind1=" " ind2=" " tag="653">
      <marc:subfield code="a">Freunde</marc:subfield>
   </marc:datafield>
   <marc:datafield ind1=" " ind2=" " tag="653">
      <marc:subfield code="a">Film</marc:subfield>
   </marc:datafield>
   <marc:datafield ind1=" " ind2=" " tag="653">
      <marc:subfield code="a">Hexerei</marc:subfield>
   </marc:datafield>
   <marc:datafield ind1=" " ind2=" " tag="653">
      <marc:subfield code="a">Bibi Blocksberg</marc:subfield>
   </marc:datafield>
   <marc:datafield ind1="0" ind2="0" tag="245">
      <marc:subfield code="a">Bibi Blocksberg - Gehts auch ohne Hexerei</marc:subfield>
   </marc:datafield>
   <marc:datafield ind1="0" ind2="0" tag="245">
      <marc:subfield code="b">Eene meene eins, zwei, drei!</marc:subfield>
   </marc:datafield>
   <marc:datafield ind1="0" ind2="0" tag="245">
      <marc:subfield code="c">Kinddinx</marc:subfield>
   </marc:datafield>
   <marc:datafield ind1=" " ind2="1" tag="264">
      <marc:subfield code="a">Berlin</marc:subfield>
      <marc:subfield code="b">Kiddinx Studio</marc:subfield>
      <marc:subfield code="c">2005</marc:subfield>
   </marc:datafield>
   <marc:datafield ind1="1" ind2=" " tag="490">
      <marc:subfield code="a">Bibi Blocksberg</marc:subfield>
   </marc:datafield>
   <marc:datafield ind1="1" ind2=" " tag="520">
      <marc:subfield code="a">1. Gehts auch ohne Hexerei?&lt;br/&gt;Bibi hext beim Fangen-Spiel. Florian und Marita sind deshalb verärgert. Bibi will beweisen, dass sie auch ohne Hexerei gewinnen kann und trifft in einem Wettkampf "Hexen gegen Nicht-Hexen" mit Schubia gegen Florian und Marita an. Karla Kolumna entwirft eine Wettkampfstrecke zu den Echohöhlen. &lt;br/&gt;Dort treffen die Kinder auf die Gauner Hinki und Pinki und das hat turbulente Folgen!&lt;br/&gt;&lt;br/&gt;2. Eene meene eins, zwei, drei!&lt;br/&gt;In diesem Film erlebt Bibi Blocksberg gleich drei spannende Abenteuer: Erst verschwindet ihr Besen Kartoffelbrei, weil Bibi ihn gekränkt hat, dann startet Bibi bei einem großen Wettfliegen gegen Schubia, Eddi Eddison und Baron von Zwiebelschreck und im dritten Abenteuer finden Bibi und Florian ein Dino-Ei. Ein schwieriger Hexspruch lässt den kleinen Dino schlüpfen.</marc:subfield>
   </marc:datafield>
   <marc:datafield ind1="3" ind2=" " tag="024">
      <marc:subfield code="a">4001504302108</marc:subfield>
   </marc:datafield>
   <marc:datafield ind1=" " ind2=" " tag="041">
      <marc:subfield code="a">ger</marc:subfield>
   </marc:datafield>
   <marc:datafield ind1=" " ind2=" " tag="300">
      <marc:subfield code="e">1 DVD</marc:subfield>
   </marc:datafield>
   <marc:datafield ind1="1" ind2=" " tag="521">
      <marc:subfield code="a">0</marc:subfield>
   </marc:datafield>
   <marc:datafield ind1=" " ind2=" " tag="306">
      <marc:subfield code="a">01:40:00</marc:subfield>
   </marc:datafield>
   <marc:datafield ind1=" " ind2=" " tag="300">
      <marc:subfield code="a">ca. 100 min.</marc:subfield>
   </marc:datafield>
</marc:record>
